000 00908cab a2200265 4500
001 WB3434-27
008 090401t1998 xxu||||| |||| 00| 0 eng d
035 _a(Sirsi) u88335
041 _aeng
245 _aProperty investment remains `favourable`
260 _c1998
350 _a0
490 _aProperty Week
_v63(19) 4 September 1998, 13(1)
520 _aThe property market offers a favourable investment according to Baring Houston & Saunders` latest "UK property report", with the sector expected to experience no more than a `slowdown` rather than a recession.
650 _aBARING HOUSTON & SAUNDERS
650 _aFORECASTS
650 _aINVESTMENT MARKET
650 _aINVESTMENT OPPORTUNITIES
650 _aINVESTMENT YIELDS
650 _aPROPERTY INVESTORS
650 _aSTOCK MARKET
690 _aPROPERTY-PROPERTY FINANCE AND INVESTMENT
942 _n0
948 _c08/09/1998
999 _c55793
_d55793